000 00374nam a22001697a 4500
003 UA-OsUOA
001 1342
007 ta
008 20050721b un ||||| |||| 00| 0 ukr d
100 _aTarkowski
700 _aS.
942 _cBK
040 _aUA-OsUOA
_cUA-OsUOA
_dUA-OsUOA
245 _aJezyk Polski .Powtorka Przed Matura 1czesc
_bPolish
955 _a2
650 7 _2UDC
999 _c287504
_d287504